Vowel Countries - World Map Sudden Death - Statistics

General Stats
  • This quiz has been taken 9,341 times
  • The average score is 18 of 25
Answers on the Grid
Answers color-coded by a green-red scale on the quiz's grid according to % correct below.
 
Answer Stats
Answer % Correct
Albania, Algeria, Andorra, Austria, Egypt, Ireland, Italy, Ukraine, United Kingdom
89%
United States
85%
Argentina, Uruguay
85%
Estonia, Ireland, Ukraine, United Kingdom
85%
Afghanistan, Armenia, Azerbaijan, Egypt, India, Iran, Iraq, Israel, Oman, Ukraine, United Arab Emirates, Uzbekistan
85%
Australia, East Timor, Indonesia
85%
Argentina, Ecuador
84%
Eritrea, Ethiopia, India, Oman, Uganda, United Arab Emirates
84%
Antigua and Barbuda, Ecuador, El Salvador, United States
83%
United States
82%
Australia
82%
India, Indonesia
81%
Australia
80%
Algeria, Egypt, Equatorial Guinea, Ivory Coast, Uganda,
79%
Australia
77%
Iceland, Ireland
76%
Afghanistan, India, Uzbekistan
76%
Angola, Eswatini
74%
United States
69%
Indonesia
69%
Indonesia
65%
Eswatini
52%
Ecuador, El Salvador, United States
43%
Ukraine
38%
United States
29%
No matching quizzes found
Score Distribution
Percent of People with Each Score
Percentile by Number Answered
Your Score History
You have not taken this quiz